000 01151nam a2200265 a 4500
001 BRCA_5115
005 20190320204939.0
008 191110s1862----mx-######v---#000-0#spa-#
041 _aspa
044 _amx
084 _aDOC115
_b.D63
_c1862
245 1 0 _aDocumento firmado el 14 de noviembre de 1862.
260 _aMéxico
_c1862
300 _a[2] fojas
_c32 x 20 cm.
500 _aDocumento expedido por el Ministro de Prusia residente en México solicitando a las autoridades civiles y militares el Paso libre de Manuel P. Madrid con destino al Mineral del Oro y Guanajuato.
500 _aContiene sello con el emblema del reino de Prusia y lema: ´KOENIGL. PREUSSISCHE MINISTER-RESIDENTUR ZU MEXICO´.
500 _aEl documento contiene la leyenda DOC. #279.
506 0 _aFondo Reservado. Para su consulta es necesario credencial de usuario y carta de motivos.
546 _aTexto en: español de mediados del siglo XIX.
650 1 4 _aRelaciones internacionales
_xHistoria
_913051
651 4 _aMéxico
_xHistoria
_yConstitución y reforma, 1855-1863
_913052
700 1 _aMadrid, Manuel P.
_913053
902 _aFDH
942 _2lcc
_cD
999 _c4809
_d4809